Wybierz firmy z danego kraju - PART 2 - Statystyki

Ogólne statystyki
  • Ten quiz został rozwiązany 41 razy
  • Średni wynik to 10 z 16
Statystyki odpowiedzi
Zagadnienie Komórka Select % Poprawnych
Wielka Brytania Nie
97%
Węgry Nie
89%
Węgry Nie
89%
Wielka Brytania Tak
78%
Holandia Nie
75%
Holandia Nie
72%
Węgry Tak
69%
Węgry Tak
69%
Holandia Tak
69%
Izrael Nie
64%
Wielka Brytania Nie
53%
Izrael Tak
53%
Izrael Tak
47%
Holandia Tak
47%
Wielka Brytania Tak
44%
Izrael Tak
17%
Nie znaleziono quizów pasujących do podanych kryteriów
Rozkład punktacji
Procent ludzi z każdym wynikiem
Percentyl według liczby udzielonych odpowiedzi
Twoja historia wyników
Nie rozwiązałeś tego quizu